Особливості соціальної молодіжної політики в Україні та ФРН на сучасному етапі (Запис № 314851)

МАРК-запис
000 -Лідер
fixed length control field 01022nam a22002657a 4500
001 - Контрольний номер
control field 28483
003 - Ідентифікатор контрольного номера
control field UA-OsUOA
005 - Дата та час останнього входження (трансакції)
control field 20230912121542.0
007 - Фіксоване поле фізичного опису
fixed length control field ta
008 - Елементи даних фіксованої довжини – загальна інформація
fixed length control field 20050330b un ||||| |||| 00| 0 ukr d
020 ## - Міжнародний стандартний книжковий номер (ISBN)
Міжнародний стандартний книжковий номер (ISBN) (НП) 9666084120
040 ## - Джерело каталогізації
Агенція оригінальної каталогізації UA-OsUOA
Мова каталогізації ukr
Агенція, яка здійснювала перезапис UA-OsUOA
Агенція, яка здійснювала модифікацію UA-OsUOA
041 ## - Код мови
Код мови тексту/ звукової доріжки чи окремого заголовка (П) ukr
044 ## - Код країни видавця/ виробника
Код країни видавця/ виробника (П) UA
080 ## - Індекс Універсальної десяткової класифікації
Індекс Універсальної десяткової класифікації (УДК) (НП) 304.4(477)
090 ## - Локальний шифр розміщення
Класифікаційний індекс УДК 304.4(477)
Авторський знак (НП) О-75
110 ## - Наймення організації – загальна інформація
Найменування колективу або юрисдикції як початковий елемент введення Міжрегіональна академія управління персоналом
245 ## - Відомості про назву
Назва (НП) Особливості соціальної молодіжної політики в Україні та ФРН на сучасному етапі
Решта назви (НП) науковий збірник
Дані про відповідальність (НП) відп. ред. А. І. Кудряченко
260 ## - Публікація, розповсюдження і т.п. (Вихідні дані)
Місце публікації, розповсюдження і т.п. (П) К.
Ім’я/ наймення видавництва, розповсюджувача і т.п. (П) МАУП
Дата публікації, розповсюдження і т.п. (П) 2004
300 ## - Фізичний опис
Обсяг 336 с.
Інші фізичні характеристики (НП) іл.
650 #7 - Додаткове предметне введення – тематичний термін
Джерело заголовка чи терміна UDC
Тематичний термін чи географічна назва, як елемент введення (НП) 304 Соціальні питання. Соціальна практика. Культурне життя. спосіб життя
700 1# - Додаткове введення – ім'я особи
Ім’я особи (НП) Кудряченко А. І.
942 ## - Додаткові елементи входу (Коха)
Тип елемента Koha Книги
Source of classification or shelving scheme Universal Decimal Classification
955 ## - Код типу видання за змістом
Код типу видання за змістом (НП) Наукові видання
Фонди
Стан вилучень Стан втрат Джерело класифікації або схеми стелажів Стан уражень Не для кредиту Постійне місце розташування Поточне розміщення Дата придбання Інвентарний номер Усього замовленно Повний номер виклику Штрих-код Дата останнього перегляду Ціна ефективна від Тип елемента Koha
    Universal Decimal Classification     ЧЗ - Читальна зала ЧЗ - Читальна зала 30/03/2005 84117   304.4(477) О-75 84117 07/02/2022 30/03/2005 Книги